[Event "Druga liga Srbije grupa Vojvodina 2011"]
[Site "Vrbas"]
[Date "2011.09.30"]
[Round "9.6"]
[White "Erski, Dragan"]
[Black "Cecaric, Milan"]
[Result "0-1"]
[WhiteElo "2167"]
[BlackElo "1942"]
[PlyCount "104"]
[EventDate "2011.09.25"]

1. Nf3 b6 2. g3 Bb7 3. Bg2 Nf6 4. O-O e6 5. d3 Nc6 6. e4 d6 7. Nbd2 g6 8. c3
Bg7 9. Qe2 Ne5 10. Ne1 O-O 11. f4 Nc6 12. g4 d5 13. e5 Nd7 14. d4 Qc8 15. Rf3
f5 16. exf6 Nxf6 17. h3 Qd7 18. Re3 Rae8 19. Nef3 h6 20. Nh4 g5 21. fxg5 hxg5
22. Ng6 Rf7 23. Nf1 Ne4 24. Rxe4 dxe4 25. Bxg5 e5 26. d5 Qxd5 27. Bxe4 Nd4 28.
cxd4 Qxe4 29. Qxe4 Bxe4 30. Nxe5 Bxe5 31. dxe5 Rxe5 32. Re1 Rxg5 33. Rxe4 Rc5
34. Ne3 Rc1+ 35. Kg2 Re1 36. h4 Re2+ 37. Kg3 Rxb2 38. g5 Rxa2 39. g6 Rf6 40. h5
Ra5 41. Kg4 Rc5 42. Ng2 Rcf5 43. Nh4 Rf1 44. Kg5 a5 45. Re8+ Rf8 46. Re7 Rg1+
47. Kh6 Rg4 48. Rg7+ Kh8 49. Rh7+ Kg8 50. g7 Rf6+ 51. Ng6 Rfxg6+ 52. hxg6 Rh4+
0-1